Электролитическое осаждение диоксида кремния из продуктов переработки минерального сырья; Химия и химическая технология в XXI веке; Т. 2

Manylion Llyfryddiaeth
Parent link:Химия и химическая технология в XXI веке: материалы XXIV Международной научно-практической конференции студентов и молодых ученых имени выдающихся химиков Л. П. Кулёва и Н. М. Кижнера, посвященной 85-летию со дня рождения профессора А. В. Кравцова, Томск, 15-19 мая 2023 г./ Национальный исследовательский Томский политехнический университет (ТПУ) ; Инженерная школа природных ресурсов ; Инженерная школа новых производственных технологий ; Исследовательская школа химических и биомедицинских технологий ; Инженерная школа ядерных технологий.— , 2023
Т. 2.— 2023.— [С. 179-180]
Prif Awdur: Селин П. Е.
Awdur Corfforaethol: Национальный исследовательский Томский политехнический университет Инженерная школа ядерных технологий Отделение ядерно-топливного цикла
Awduron Eraill: Смороков А. А. Андрей Аркадьевич (научный руководитель), Петлин И. В. Илья Владимирович
Crynodeb:Заглавие с титульного экрана
Iaith:Rwseg
Cyhoeddwyd: 2023
Cyfres:Химическая технология редких, рассеянных и радиоактивных элементов
Pynciau:
Mynediad Ar-lein:http://earchive.tpu.ru/handle/11683/76902
Fformat: Electronig Pennod Llyfr
KOHA link:https://koha.lib.tpu.ru/cgi-bin/koha/opac-detail.pl?biblionumber=636002

MARC

LEADER 00000naa2a2200000 4500
001 636002
005 20250825154147.0
035 |a (RuTPU)RU\TPU\conf\37859 
035 |a RU\TPU\conf\37850 
090 |a 636002 
100 |a 20230623d2023 k y0rusy50 ca 
101 0 |a rus 
102 |a RU 
135 |a drcn ---uucaa 
181 0 |a i  
182 0 |a b 
200 1 |a Электролитическое осаждение диоксида кремния из продуктов переработки минерального сырья  |f П. Е. Селин, А. А. Смороков, И. В. Петлин  |g науч. рук. А. А. Смороков 
203 |a Текст  |c электронный  |b визуальный 
225 1 |a Химическая технология редких, рассеянных и радиоактивных элементов 
300 |a Заглавие с титульного экрана 
320 |a [Библиогр.: с. 180 (2 назв.)] 
461 1 |0 (RuTPU)RU\TPU\conf\37590  |t Химия и химическая технология в XXI веке  |o материалы XXIV Международной научно-практической конференции студентов и молодых ученых имени выдающихся химиков Л. П. Кулёва и Н. М. Кижнера, посвященной 85-летию со дня рождения профессора А. В. Кравцова, Томск, 15-19 мая 2023 г.  |o в 2 т.  |f Национальный исследовательский Томский политехнический университет (ТПУ) ; Инженерная школа природных ресурсов ; Инженерная школа новых производственных технологий ; Исследовательская школа химических и биомедицинских технологий ; Инженерная школа ядерных технологий  |d 2023 
463 1 |0 (RuTPU)RU\TPU\conf\37592  |t Т. 2  |v [С. 179-180]  |d 2023 
610 1 |a труды учёных ТПУ 
610 1 |a электронный ресурс 
610 1 |a электролитическое осаждение 
610 1 |a диоксид кремния 
610 1 |a продукты переработки 
610 1 |a минеральное сырье 
610 1 |a фторидная обработка 
610 1 |a электролиз 
610 1 |a ионообменные мембраны 
700 1 |a Селин  |b П. Е. 
701 1 |a Смороков  |b А. А.  |c химик-технолог  |c старший преподаватель, младший научный сотрудник Томского политехнического университета  |f 1993-  |g Андрей Аркадьевич  |9 17436 
701 1 |a Петлин  |b И. В.  |c химик-технолог  |c доцент Томского политехнического университета, кандидат наук  |f 1987-  |g Илья Владимирович  |9 12922 
702 1 |a Смороков  |b А. А.  |c химик-технолог  |c старший преподаватель, младший научный сотрудник Томского политехнического университета  |f 1993-  |g Андрей Аркадьевич  |4 727 
712 0 2 |a Национальный исследовательский Томский политехнический университет  |b Инженерная школа ядерных технологий  |b Отделение ядерно-топливного цикла  |3 (RuTPU)RU\TPU\col\23554 
801 2 |a RU  |b 63413507  |c 20230802  |g RCR 
856 4 |u http://earchive.tpu.ru/handle/11683/76902 
942 |c CF